00703 2200253 4500001002100000005001700021008004100038020002200079035002400101040001200125082000800137090001500145100003000160245006800190250001800258260003300276300003000309504002900339650002400368850001200392990001500404990001500419990001500434YOGYA-0209000007275520090227093642.0 ind  a978-979-756-135-2 0010-020900000072755 aYOPDYOG a356 a356bWic A aWICAKSONO, Kristian Widya aAdministrasi dan birokrasi pemerintahcKristian Widya Wicaksono aEd. 1, Cet. 1 aYogyakartabGraha Ilmuc2006 axiv, 146 hlmbilusc21 cm aBibliografi: hlm.143-146 aAdministrasi negara aYOPDYOG a08P0000099 a08P0000098 a08P0000097